00620nam a22001697a 4500003000900000008004100009040007100050082002400121100002800145245006400173260003900237300002800276505009000304650001300394650001300407650003000420AR-CdUCM190408b ||||| |||| 00| 0 spa d aMUNICIPALIDAD PROVINCIAL DEL CUSCOcBIBLIOTECA MUNICIPAL DEL CUSCO a986.04 /bR4 / 1827 aRestrepo, José Manuel aHistoria de la revolución de la república de Colombia / aParís :bLibr. Americana,c1827. a198 páginas ;c17 cm. aContenido: t.7. Historia de revolución de la Nueva Granada en la América del Sur. aColombia aHistoria aEmancipación, 1810-1822